| 000 | 00809 a2200205 4500 | ||
|---|---|---|---|
| 020 | _a0471264067 | ||
| 040 |
_aDLC _bDLC |
||
| 082 | 0 | 0 | _a621.381 |
| 100 | 1 | _aMorrison, Ralph. | |
| 245 | 1 | 0 |
_aPractical electronics: a self-teaching guide _ba self-teaching guide _cRalph Morrison. |
| 260 |
_aHoboken, N.J. : _bJ. Wiley & Sons, _cc2004. |
||
| 300 |
_ax, 277 p. : _bill. ; _c24 cm. |
||
| 440 | 0 | _aWiley self-teaching guides | |
| 500 | _aIncludes index. | ||
| 650 | 0 | _aElectronics | |
| 856 | 4 | 2 |
_3Contributor biographical information _uhttp://www.loc.gov/catdir/bios/wiley044/2003050150.html |
| 856 | 4 | 2 |
_3Publisher description _uhttp://www.loc.gov/catdir/description/wiley037/2003050150.html |
| 856 | 4 | 2 |
_3Table of contents _uhttp://www.loc.gov/catdir/toc/wiley032/2003050150.html |
| 942 |
_cBK _k621.381 MOR _2ddc |
||
| 999 |
_c7998 _d7998 |
||